| 000 | 00610nam a2200181 i 4500 | ||
|---|---|---|---|
| 001 | 46765 | ||
| 003 | ES-MaACL | ||
| 005 | 20230906161438.0 | ||
| 007 | t| | ||
| 008 | 030401s1972 sp ||||1| spa d | ||
| 111 | 2 |
_aCongreso Europeo de Cardiología ( _n6º. _d1972. _cMadrid) _9369 |
|
| 245 | 1 | 0 |
_aSymposia _b: mesas redondas y comunicaciones. |
| 260 |
_aMadrid : _bSociedad Española de Cardiología, _c[1972] |
||
| 300 |
_a212 h. ; _c24 cm. |
||
| 500 | _aPrecede al tít.: Revista Española de Cardiología. | ||
| 710 | 2 |
_aSociedad Española de Cardiología. _96712 |
|
| 852 |
_aES-MaACL _jC-43972 _bR.83518 |
||
| 999 |
_c46765 _d46765 |
||